| 000 | 00636nam a22002177a 4500 | ||
|---|---|---|---|
| 003 | BD-DhJNU | ||
| 005 | 20251113043528.0 | ||
| 008 | 251113b |||||||| |||| 00| 0 eng d | ||
| 020 | _a9781138806009 | ||
| 020 | _a9781138806139 | ||
| 020 | _a9781315744230 | ||
| 040 |
_aBD-DhJNU _bENG _cBD-DhJNU _dBD-DhJNU |
||
| 082 |
_223 _a618.928914 |
||
| 100 | _aCarr, Alan | ||
| 245 |
_aThe handbook of child and adolescent clinical psychology : _ba contextual approach / _cAlan Carr |
||
| 250 | _a3rd ed. | ||
| 260 |
_aLondon : _bRoutledge _c2016. |
||
| 300 |
_a1255 p. : _bill. ; _c24 cm. |
||
| 650 | _aChild psychology | ||
| 942 |
_2ddc _cBK _n0 |
||
| 999 |
_c2364 _d2364 |
||